00910nam a2200217 a 450000100100000000500170001000800410002702000180006804000250008608200150011110000330012624501260015926000370028530000300032250000630035271000190041504900090043495201130044395201190055699900170067500001608820250307125146.0100225s2007 dr c 001 0 spa d a9789945161342 aDO-SdBNPbspacBNPHU axxxbV297r1 aVargas, José Rafael92185110aRD avanza hacia la sociedad de la información :bdesafíos y logros de las telecomunicaciones /cJosé Rafael Vargas. aSanto Domingo :bINDOTEL,c2007. a31 p. :bretrs. ;c22 cm. aIncluye datos biográficos del autor en la contracubierta2 aINDOTEL917928 aBNPD 0010718PDaPDbPDcCTd2010-02-25iLF1l0oxxx V297rp16088-10r2020-06-25w2020-06-25yLFPDZNo se presta 0010718PDaPDbPDcCTd2010-03-12iLF1l0oxxx V297rp16088-20r2020-06-25te. 2w2020-06-25yLFPDZNo se presta c15629d15629